Southville International School and Colleges
Your cart is empty.
  • Cart
  • Lists
    Public lists Eva Luna New books Lux_list list_1
    Your lists Log in to create your own lists
  • Log in to your account
  • Your cookies
  • Search history
Southville International School and Colleges
  • Advanced search
  • Recent comments
  • Most popular
  • Libraries

Log in to your account

Log in with GOOGLE


If you do not have an external account, but do have a local account, you can still log in:

  1. Home
  2. MARC view: Smart english :
Normal view MARC view ISBD view

Smart english : (Record no. 118273)

[ view plain ]
MARC details
000 -LEADER
fixed length control field 00639nam a2200181Ia 4500
003 - CONTROL NUMBER IDENTIFIER
control field PILC
005 - DATE AND TIME OF LATEST TRANSACTION
control field 20151008133835.0
008 - FIXED-LENGTH DATA ELEMENTS--GENERAL INFORMATION
fixed length control field 140609s9999 xx 000 0 und d
020 ## - INTERNATIONAL STANDARD BOOK NUMBER
International Standard Book Number 9789715844406
050 ## - LIBRARY OF CONGRESS CALL NUMBER
Classification number PE 1128
Item number .Sa196 2006
100 ## - MAIN ENTRY--PERSONAL NAME
Personal name San Miguel, J. G.
245 ## - TITLE STATEMENT
Title Smart english :
Remainder of title more than a worktext forgrammar and syntax ? /
Statement of responsibility, etc J. G. San Miguel, D. C. T. Barraquio, R. DV. Revilla
260 ## - PUBLICATION, DISTRIBUTION, ETC. (IMPRINT)
Place of publication, distribution, etc Quezon City, Philippines :
Name of publisher, distributor, etc C&E Publishing, Inc.,
Date of publication, distribution, etc c2006.
300 ## - PHYSICAL DESCRIPTION
Extent 290 p. :
Other physical details ill. ;
Dimensions 26 cm.
500 ## - GENERAL NOTE
General note Includes glossary, index and bibliographical references.
942 ## - ADDED ENTRY ELEMENTS (KOHA)
Call number prefix Local
Koha item type Books
Source of classification or shelving scheme Library of Congress Classification
Holdings
Withdrawn status Lost status Damaged status Home library Current library Shelving location Date acquired Total Checkouts Full call number Barcode Date last seen Price effective from Koha item type
      College Library College Library General Circulation Section 06/09/2014   PE 1128 .Sa196 2006 C17031 05/15/2018 06/09/2014 Books

Smart english :

APA

San Miguel J. G., . (2006). Smart english. Quezon City, Philippines: C&E Publishing, Inc.

Chicago

San Miguel J G, . 2006. Smart english. Quezon City, Philippines: C&E Publishing, Inc.

Harvard

San Miguel J. G., . (2006). Smart english. Quezon City, Philippines: C&E Publishing, Inc.

MLA

San Miguel J G, . Smart english. Quezon City, Philippines: C&E Publishing, Inc. 2006.

  • Place hold
  • Print
  • Cite
  • Add to your cart (remove)
  • Save record
    BIBTEX Dublin Core MARCXML MARC (non-Unicode/MARC-8) MARC (Unicode/UTF-8) MARC (Unicode/UTF-8, Standard) MODS (XML) RIS
  • More searches
    Search for this title in:
    Other Libraries (WorldCat) Other Databases (Google Scholar) Online Stores (Bookfinder.com) Open Library (openlibrary.org)

Exporting to Dublin Core...

SOUTHVILLE LIBRARY

Southville International School and Colleges Library

1281 Tropical Ave. Cor. Luxembourg St., BF Homes International, Las Pinas City

Tel. No. 8256374 / 252358 Loc. 117/146

Powered by Koha